| 000 | 00485nam a2200145Ia 4500 | ||
|---|---|---|---|
| 008 | 170221s9999 xx 000 0 und d | ||
| 100 | _aYoung Joon Lim | ||
| 245 | 4 | _aThe New Leader of North Korea: Comparative Coverage of Kim Jong Un By U.S., Chinese, And Japanese Newspapers | |
| 245 | _cYoung Joon Lim | ||
| 260 | _bOnline Journal of Communication and Media Technologies | ||
| 260 | _c2016 | ||
| 650 | _xCommunication | ||
| 650 | _xMedia Arts | ||
| 856 | _uhttp://www.ojcmt.net/ | ||
| 999 |
_c309184 _d309184 |
||